000 00532nam a2200205Ia 4500
008 210210b1998 xxu||||| |||| 00| 0 eng d
020 _a81 207 1979 4
082 _a651 BHAO
100 _aBHATIA (R C).
245 _aOffice management and commercial correspondance.
260 _aNew Delhi.
_bSterling Publishers Pvt Ltd.,
_c1998
300 _aix,316
650 _aOffice
650 _amanagement
650 _acorrespondance.
650 _acommercial
650 _aand
690 _aOffice Management
906 _a053553
999 _c101867
_d101867